Библия. Ветхий и Новый завет в пересказе для детей (Запись № 13682783)

Подробности
000 -МАРКЕР
контрольное поле 02218nam0a2200409 4500
001 - ИДЕНТИФИКАТОР ЗАПИСИ
контрольное поле RU\NLR\BIBL_A\022609161
005 - ИДЕНТИФИКАТОР ВЕРСИИ
контрольное поле 20260420052525.0
010 ## - МЕЖДУНАРОДНЫЙ СТАНДАРТНЫЙ НОМЕР КНИГИ (ISBN)
Номер (ISBN) 978-5-85524-593-6
Тираж 1700
021 ## - НОМЕР ГОСУДАРСТВЕННОЙ РЕГИСТРАЦИИ
Код страны российская федерация
Номер КН-П-25-039101
Номер Листа государственной регистраци КН-П-25-3819
035 ## - ДРУГИЕ СИСТЕМНЫЕ НОМЕРА
Идентификатор записи (NLR Aleph) 022609161
100 ## - ДАННЫЕ ОБЩЕЙ ОБРАБОТКИ
Данные общей обработки 20250825d2025 u y0rusy50 ca
101 0# - ЯЗЫК РЕСУРСА
Язык текста, звукозаписи и т.д. русский
102 ## - СТРАНА ПУБЛИКАЦИИ ИЛИ ПРОИЗВОДСТВА
Страна публикации российская федерация
105 ## - ПОЛЕ КОДИРОВАННЫХ ДАННЫХ: ТЕКСТОВЫЕ МАТЕРИАЛЫ, МОНОГРАФИЧЕСКИЕ
Кодированные данные о монографическом текстовом документе a w 000ay
181 #0 - ПОЛЕ КОДИРОВАННЫХ ДАННЫХ: ВИД СОДЕРЖАНИЯ
Код вида содержания (ISBD) i2
Код характеристики содержания (ISBD) axxe
181 #0 - ПОЛЕ КОДИРОВАННЫХ ДАННЫХ: ВИД СОДЕРЖАНИЯ
Код вида содержания (ISBD) b2
Код характеристики содержания (ISBD) xb2e
182 #0 - ПОЛЕ КОДИРОВАННЫХ ДАННЫХ: ТИП СРЕДСТВА
Код типа средства (ISBD) n - непосредственное
200 1# - ЗАГЛАВИЕ И СВЕДЕНИЯ ОБ ОТВЕТСТВЕННОСТИ
Основное заглавие Библия. Ветхий и Новый завет в пересказе для детей
Первые сведения об ответственности литературные редакторы: о. Георгий Чистяков, Анна Твердовская
Последующие сведения об ответственности научный редактор: Евгений Рашковский
-- [ил. Jose Perez Montero]
203 ## - ВИД СОДЕРЖАНИЯ И ТИП СРЕДСТВА
Вид содержания Текст
-- Изображение
Дополнительные сведения об издании визуальные
Тип средства непосредственные
210 ## - ПУБЛИКАЦИЯ, РАСПРОСТРАНЕНИЕ И ДР.
Место издания, распространения и т.д. Москва
Имя издателя, распространителя и т. д. Российское Библейское общество
Дата издания, распространения и т.д. 2025
215 ## - ФИЗИЧЕСКАЯ ХАРАКТЕРИСТИКА
Специфическое обозначение материала и объем 437 с.
Другие сведения о физической характеристике цв. ил.
Размеры 24
300 ## - ОБЩИЕ ПРИМЕЧАНИЯ
Текст примечания Загл. обл.: Библия в пересказе для детей
327 1# - ПРИМЕЧАНИЯ О СОДЕРЖАНИИ
Текст примечания Содерж.: Ветхий Завет / в пересказе о. Сергия Овсянникова. Новый Завет / в пересказе Юрия Табака
333 ## - ПРИМЕЧАНИЯ ОБ ОСОБЕННОСТЯХ РАСПРОСТРАНЕНИЯ И ИСПОЛЬЗОВАНИЯ
Текст примечания 12+
464 #0 - АНАЛИТИЧЕСКИЙ УРОВЕНЬ
Встроенное поле 2001#$aВетхий Завет$fв пересказе о. Сергия Овсянникова
-- 702#1$3RU\NLR\auth\7772153$aОвсянников$bС.$cсвященнослужитель$f1952-$gСергий$4570
Заглавие Ветхий Завет
464 #0 - АНАЛИТИЧЕСКИЙ УРОВЕНЬ
Встроенное поле 2001#$aНовый Завет$fв пересказе Юрия Табака
-- 702#1$aТабак$bЮ.$gЮрий$4570
Заглавие Новый Завет
500 10 - УНИФИЦИРОВАННОЕ ЗАГЛАВИЕ
Унифицированное заглавие Библия
Сведения, относящиеся к заглавию/сведения о виде, жанре, характере документа Переработки
Системный номер авторитетной/нормативной записи 2631318
Идентификатор авторитетной / нормативной записи RU\NLR\auth\559299
512 1# - ЗАГЛАВИЕ ОБЛОЖКИ
Заглавие обложки Библия в пересказе для детей
605 ## - ЗАГЛАВИЕ КАК ПРЕДМЕТ
Начальный элемент ввода Библия
Формальный подзаголовок Издания для детей
Системный номер авторитетной/нормативной записи 925493
Идентификатор авторитетной/нормативной записи RU\NLR\AUTH\6621240
686 0# - ИНДЕКСЫ ДРУГИХ КЛАССИФИКАЦИЙ
Индекс Ш9
Книжный номер Э
702 #1 - ИМЯ ЛИЦА - ВТОРИЧНАЯ ОТВЕТСТВЕННОСТЬ
Начальный элемент ввода Рашковский
Даты 1940-
Расширение инициалов личного имени Евгений Борисович
Код отношения Редактор
942 ## - ДОПОЛНИТЕЛЬНЫЕ ЭЛЕМЕНТЫ ЗАПИСИ (АБИС)
Тип экземпляра АБИС Книга
980 ## - КОЛЛЕКЦИЯ
Название коллекции Национальная библиография

Нет доступных экземпляров.